000 00790nam a22002657a 4500
005 20241207102526.0
008 241207b ||||| |||| 00| 0 eng d
020 _a9789384746933
040 _cAL
041 _aEnglish
082 _223
_a347.54
_bGARS
100 _aT L Garg and others
_9188576
245 _aSupreme Court on Words, Phrases and Legal Expressions
_b:Vol I
250 _a2
260 _aGurgaon
_bThomson Reuters
_c2016
300 _a877 p.
_bHB
_c23x15 cm.
365 _a1060
_b₹1752.00
_c
_d₹2400.00
_e27%
_f28-11-2024
650 _aVol 1 (A-D)
_9188569
650 _aJudicially defined
_9188570
650 _a1950-2015
_9188571
700 _aGARG (T L)
_9188572
700 _aGARG (Rohan)
_9188573
700 _aBHANDARI (Dalveer)
_9188574
942 _2ddc
_cREF
999 _c232268
_d232268